000 00797nam a2200229 a 4500
001 000011715
005 20200929162532.0
008 091026s1976 sp 001 0 spa d
020 _a8432505552
040 _aDO-SdBNP
_bspa
_cBNPHU
082 _a923.1
_bF825d
100 1 _aComandante Franco
_q(Francisco Franco Bahamonde)
_927758
245 1 0 _aDiario de una bandera /
_cFrancisco Franco Bahamonde ; Prólogo, Manuel Aznar.
260 _aMadrid :
_bDoncel,
_c1976.
300 _a220, [5] p. :
_bil. ;
_c18 cm.
490 1 _aEl libro de bolsillo
_v89
600 1 4 _aFRANCO BAHAMONDE, FRANCISCO,
_d1892-1975
_xBIOGRAFÍA
_927759
650 4 _aEspaña
_yPRESIDENTE (1936-1975 : FRANCO)
_927760
700 1 _aAznar, Manuel,
_epról.
_927761
830 3 _aEl libro de bolsillo
_v89
_94072
049 _aBNGR
999 _c11390
_d11390